01474cam a2200289 a 450000100060000000300080000600500170001400800410003103500190007204000420009104100080013308200210014110000530016224500750021526000480029030000440033850000730038250000310045550000770048650400440056350503160060760000440092370000390096794200120100699900170101895201490103524725BD-RjUL20211209001106.0140315r19351932enkafcb 001 0beng d a(BD-RjUL)24794 aDLCcZMMdm.cdFDAdEQOdBD-RjULbeng aeng a942.0810924bGAL1 aGarvin, J. L.q(James Louis),d1868-1947.97611514aThe life of Joseph Chamberlain /cJ.L. Garvin.nVolume One p1836-1885 aLondon :bMacmillan,c1932 [reprinted 1935] a624 p. :bplates, ports., map ;c23 cm. aOn spine, v. 5-6: Joseph Chamberlain and the Tariff Reform campaign. aVols. 4-6 by Julian Amery. aVols. 5-6 have imprint: London, Macmillan; New York, St. Martin's Press. aVol. 6 includes bibliography and index.0 av. 1. 1836-1885. Chamberlain and democracy.--v. 2. 1885-1895. Disruption and combat.--v. 3. 1895-1900. Empire and world policy.--v. 4. 1901-1903. At the height of his power.--v. 5. 1901-1903. Joseph Chamberlain and the tariff reform campaign.--v. 6. 1903-1968. Joseph Chamberlain and the tariff reform campaign.10aChamberlain, Joseph,d1836-1914.9761191 aAmery, Julian,d1919-1996 .976117 2ddccBK c24725d24725 00102ddc40728NFICaRUCLbRUCLcReadingd1963-11-08eZeitlingerg21.00l0o942.0810924 GAL V-1 1935r2014-03-15 00:00:00tC-1w2014-03-15yBK